000 00347nam a2200157Ia 4500
005 20250425161609.0
008 250425s9999 xx 000 0 und d
041 _aspa
082 _aIBM4381
245 0 _aSOCIOLOGIA DE UNA REVOLUCION
250 _aS.E.
260 _aS.L.
260 _aSin Pais
_bERA
_c1968
942 _c01
010 _a23937
999 _c212290
_d212290